Statistics for 0805-首都圏新都市鉄道の駅

Click here to take the quiz!

General Stats

  • This quiz has been taken 312 times
    (310 since last reset)
  • The average score is 18 of 20

Answer Stats

本線% Correct
秋葉原
100%
つくば
99%
流山おおたかの森
97%
北千住
97%
守谷
97%
新御徒町
95%
南千住
95%
浅草
95%
南流山
91%
八潮
88%
研究学園
88%
六町
87%
柏の葉キャンパス
84%
青井
83%
柏たなか
82%
三郷中央
81%
みらい平
81%
流山セントラルパーク
76%
万博記念公園
70%
みどりの
67%

Score Distribution

Percentile by Number Answered

Percent of People with Each Score

Your Score History

You have not taken this quiz since the last reset